00351pam a2200145a 44500008004100000020000900041041001200050082000900062100003800071245004300109250000600152260002900158300000900187650000900196230515b1993 xxu||||| |||| 00| 0 eng d aNULL aENGLISH aN.D. aMcCabe L. Warren Smith. C. Juline aUnit Operation Of Chemical Engineering a0 aNULLbMacgraw Hillc1993 a1130 aNULL